000 00952 a2200229 4500
005 20260320130532.0
008 260320b |||||||| |||| 00| 0 eng d
020 _a9789360863968 (hbk)
037 _cTB
040 _aAL
_cAL
041 _2hin
_ahin
084 _aO152,8N24:g R4
_qAL
100 _aत्रिपाठी, विश्वनाथ
_9860776
245 _aहरिशंकर परसाई देश के इस दौर में
260 _aनई दिल्ली, भारत:
_bराजकमल प्रकाशन,
_c2024.
300 _a199पृ.
365 _b795.00
_cINR
650 _aहिन्दी व्यंग्य
_91132687
650 _aहिन्दी साहित्य
942 _cTB
_2CC
_hO152,8N24:g R4
999 _c1466734
_d1466734